00712nam a2200205Ia 4500003000900000005001700009008004100026040001300067040001300080041000800093100003400101245010400135250001000239260000900249300001000258490000600268942001200274999001700286952020300303IT-RoPAU20220918175533.0120407s9999 xx 000 0 und d aIT-RoPAU cIT-RoPAU aita aGabriele Giamberardini934770 aL’Immacolata Concezione di Maria nella chiesa egizia. La Mediazione di Maria nella chiesa egizia. aCairo c1952 c23 cm v2 cBK2ddc c17619d17619 00102ddc406246_500000000000000_3171aPAULUSbPAULUSd2012-04-11l0o246.5.31r2012-04-11 00:00:00w2012-04-11yBKzInserito da: Anna In data: 12 settembre 2011 fondo: Via A.Severo 56 Progr:17488